000 00542nam a2200181Ia 4500
999 _c7318
_d7318
003 OSt
005 20200130104246.0
008 190216s9999||||xx |||||||||||||| ||und||
020 _a9780070668058
040 _coclc
082 _a332.1
_bSAS/F
100 _aSasidharan, K
_91611
245 0 _aFinancial Services And System /
_cK Sasidharan ; Alex K Mathews
250 _a1st Ed.
260 _bTata McGraw Hill Publishing Company,
_c2004.
_aNew Delhi:
300 _a700p
942 _cBK
_2ddc
_h332.1
_iSAS/F
_k332.1
_mSAS/F